000 02074nam a2200253 a 4500
001 ASIN0552997048
003 OSt
005 20180116192420.0
008 131231s2004 xxu eng d
020 _a0552997048 (paperback)
020 _a9780552997041 (paperback)
040 _ca
050 0 4 _aQ162
082 0 4 _a500
100 1 _aBryson, Bill.
_97193
245 1 2 _aA short history of nearly everything /
_cBill Bryson.
250 _a0th ed.
260 _a[S.l.] :
_bBlack Swan,
_c2004.
300 _a672 p. ;
_c20 cm.
520 _aBill Bryson describes himself as a reluctant traveller: but even when he stays safely in his own study at home, he can't contain his curiosity about the world around him. A Short History of Nearly Everything is his quest to find out everything that has happened from the Big Bang to the rise of civilization - how we got from there, being nothing at all, to here, being us. Bill Bryson's challenge is to take subjects that normally bore the pants off most of us, like geology, chemistry and particle physics, and see if there isn't some way to render them comprehensible to people who have never thought they could be interested in science. It's not so much about what we know, as about how we know what we know. How do we know what is in the centre of the Earth, or what a black hole is, or where the continents were 600 million years ago? How did anyone ever figure these things out? On his travels through time and space, he encounters a splendid collection of astonishingly eccentric, competitive, obsessive and foolish scientists, like the painfully shy Henry Cavendish who worked out many conundrums like how much the Earth weighed, but never bothered to tell anybody about many of his findings. In the company of such extraordinary people, Bill Bryson takes us with him on the ultimate eye-opening journey, and reveals the world in a way most of us have never seen it before.
650 0 _aScience
_97194
856 4 0 _3Amazon.com
_uhttp://www.amazon.com/exec/obidos/ASIN/0552997048/chopaconline-20
942 _2ddc
_cBK
999 _c353862
_d353862